[Event "83rd ESP-ch Women-ch 2018"]
[Site "Linares"]
[Date "2018.08.25"]
[Round "6"]
[White "Orantes Taboada, Francisco"]
[Black "Lopez Guerrero, Jose Miguel"]
[Result "1-0"]
[WhiteElo "2242"]
[BlackElo "2148"]
[Annotator "TA"]
[PlyCount "53"]
[EventDate "2018.08.20"]
[EventType "swiss"]
[EventCountry "ESP"]
[SourceTitle "playchess.com"]
[Source "ChessBase"]
[SourceQuality "1"]

{[%evp 21,53,1,50,-33,0,-47,-53,-45,-39,-39,-45,-32,0,-43,-62,-180,349,343,1050,1042,1030,741,1016,926,1066,1056,1027,1014,1146,1144,29989,29990,29990,29989]} 1. e4 c5 2. c3 Nf6 3. e5 Nd5 4. Nf3 d6 5. d4 cxd4 6. cxd4 Nc6 7. Bc4 e6 8. exd6 Bxd6 9. O-O O-O 10. Nc3 Nxc3 11. bxc3 e5 {LiveBook: 3 Partien. B22: Sizilianisch (Alapin 2.c3)} (11... Ne7 12. Bd3 Ng6 13. Qe2 b6 14. Be4 Rb8 15. h4 h6 16. h5 Ne7 17. Ne5 Bb7 18. Bc2 Bxe5 19. dxe5 {1-0 (39) Fressinet,L (2636)-Avrukh,B (2620) playchess.com INT 2004}) 12. Ng5 (12. Nxe5 $14 Nxe5 13. dxe5 Bxe5 14. Qxd8 Rxd8 15. Bg5) 12... h6 $146 ({Vorgänger:} 12... Bf5 13. g4 Bg6 14. h4 Be7 15. f4 exf4 16. Bxf4 Rc8 17. Be2 b5 18. Bxb5 Qa5 19. Qb3 Bxg5 20. hxg5 {½-½ (32) Pedersen,N-Grabliauskas,V Ringsted 1992}) 13. Nxf7 Rxf7 {Schwarz steht etwas besser.} 14. Bxf7+ Kxf7 15. Qh5+ $1 Kg8 {[#]} 16. Bxh6 $1 {[%mdl 512]} Qf8 (16... gxh6 17. Qg6+) 17. dxe5 (17. f4 $5 {[%cal Rf4e5]} exd4 {[#]} 18. Bxg7 $1 {[%mdl 512]} Qxg7 19. Qd5+ Kh7 20. Qxd6 $11) 17... Bxe5 18. Rfe1 (18. Be3 $15) 18... Qd6 $4 {[%mdl 8192] [#]} (18... gxh6 $19 19. Rxe5 Nxe5 20. Qxe5 Bf5) 19. Bf4 $1 $18 {[%cal Rf4e5][%mdl 512]} Bxf4 $2 (19... Bg4 20. Bxe5 Bxh5 21. Bxd6 Rd8) 20. Re8+ Qf8 21. Rxf8+ Kxf8 22. Re1 {[%csl Ge1][%cal Rh5e8]} Ne5 23. Re4 g5 24. g3 {[%cal Bg2g3,Bg3f4][%mdl 32]} Nf7 25. gxf4 g4 26. Qc5+ Kg7 27. Re8 {Precision: Weiß = 42%, Schwarz = 23%.} 1-0

[Event "83rd ESP-ch Women-ch 2018"]
[Site "Linares"]
[Date "2018.08.25"]
[Round "6"]
[White "Blazquez Gomez, Juan Carlos"]
[Black "Gonzalez Garcia, Francisco"]
[Result "1-0"]
[WhiteElo "2240"]
[BlackElo "1972"]
[Annotator "TA"]
[PlyCount "95"]
[EventDate "2018.08.20"]
[EventType "swiss"]
[EventCountry "ESP"]
[SourceTitle "playchess.com"]
[Source "ChessBase"]
[SourceQuality "1"]

{[%evp 9,95,129,140,131,119,123,308,308,304,302,293,303,274,195,204,194,210,203,197,213,193,204,197,171,187,198,234,197,245,242,381,163,164,164,158,148,182,132,147,141,325,147,162,159,206,118,218,211,227,202,226,217,262,260,255,264,265,255,298,288,318,311,321,310,357,360,364,356,417,408,370,339,316,312,421,420,829,820,972,949,912,666,884,840,1137,1125,877,614]} 1. e4 c5 2. a3 d6 (2... Nc6 3. b4 Nf6 4. b5 Nd4 5. c3 Ne6 6. d3 g6 7. g3 Bg7 8. Bg2 O-O 9. Ne2 a6 10. bxa6 Rxa6 {½-½ (51) Nepomniachtchi,I (2751)-Dubov,D (2701) Moscow 2018}) 3. b4 b6 4. Nc3 Nf6 {[#]} 5. e5 $1 {[%mdl 512]} dxe5 6. Qf3 {B20: Sicilian: Unusual White 2nd moves} e4 7. Nxe4 Nxe4 $146 (7... e6 $16) ({Predecessor:} 7... Qd4 8. Nxf6+ Qxf6 9. Qxa8 Qxa1 10. Bb5+ {1-0 (36) Ermolov,V (1885)-Lindenbaum,V (2056) Armavir 2015}) 8. Qxe4 $18 {White has a decisive advantage.} Qd4 9. Bb5+ Kd8 10. Qxa8 Qxa1 11. Ne2 ({And not} 11. Qxb8 Qxc1+ 12. Ke2 Qxc2 $11) 11... Qe5 12. Qxa7 Qc7 13. Qa4 e6 14. Bb2 f6 15. bxc5 Bxc5 16. O-O Ke7 17. Re1 Bd6 18. h3 Kf7 19. Nd4 Be5 {[#]} (19... Bc5 $142 20. Qc4 Qd6) 20. Bc4 (20. Rxe5 $142 $1 {[%mdl 512]} Qxe5 21. Qa7+ Nd7 22. Bxd7 Bxd7 23. Qxd7+ Kg6 24. Nxe6 Qxb2 25. Qxg7+ Kf5 26. Qf7) 20... Bxd4 21. Bxd4 Nc6 22. Bc3 Bd7 23. Bd3 Ne7 24. Qh4 $36 {[%mdl 2048] Black is under strong pressure.} h6 $2 (24... h5 $16 {was worth a try.} 25. Bc4 Qc6) 25. Rb1 (25. Qh5+ $18 Kf8 26. Bb4) 25... Nd5 26. Qh5+ Kf8 {[#]} 27. Bb4+ (27. Bd4 $1 $18) 27... Nxb4 (27... Kg8 $16 28. g3 f5) 28. Rxb4 f5 29. Qf3 Ke7 30. Qe3 Ra8 31. Bxf5 ({Don't play} 31. Rxb6 $6 Rxa3 32. Qd4 Kf7 $16) 31... Qc5 {And now ...Qxe3 would win.} 32. Be4 Qxe3 33. fxe3 Rxa3 34. Rxb6 {[%mdl 4096] Endgame KRB-KRB} Ra1+ 35. Kf2 Ra4 36. Kf3 Ra1 37. c4 Rc1 38. d3 {[%cal Bd2d3,Bd3d4,Bd4d5,Bd5d6][%mdl 32]} Ba4 39. Kf4 Kf6 40. d4 g5+ 41. Kg4 Bd1+ 42. Bf3 Bxf3+ (42... h5+ $142 43. Kxh5 Bxf3+ 44. gxf3 Rxc4) 43. Kxf3 {White is clearly winning.} Rxc4 {KR-KR} 44. d5 h5 45. Rxe6+ Kf7 46. Rh6 h4 47. d6 Ke8 48. Rg6 {Precision: White = 65%, Black = 34%.} 1-0

[Event "83rd ESP-ch Women-ch 2018"]
[Site "Linares"]
[Date "2018.08.25"]
[Round "6"]
[White "Garcia Romero, Benjamin Abel"]
[Black "Gomez Sanjuan, Hector Fernando"]
[Result "0-1"]
[WhiteElo "2230"]
[BlackElo "2146"]
[Annotator "TA"]
[PlyCount "88"]
[EventDate "2018.08.20"]
[EventType "swiss"]
[EventCountry "ESP"]
[SourceTitle "playchess.com"]
[Source "ChessBase"]
[SourceQuality "1"]

{[%evp 34,88,36,30,29,-35,-39,-35,-20,-159,-135,-174,-177,-184,-179,-216,-204,-307,-272,-337,-334,-332,-328,-423,-410,-415,-411,-397,-413,-450,-439,-695,-608,-746,-738,-1168,-1063,-1794,-1759,-1690,-1473,-1547,-893,-1537,-1500,-2064,-1839,-12839,-1227,-12838,-10351,-29985,-29986,-29978,-12844,-12843,-12840]} 1. e4 e6 2. d4 d5 3. Nd2 Nf6 4. e5 Nfd7 5. Bd3 c5 6. c3 Nc6 7. Ne2 cxd4 8. cxd4 f6 9. exf6 Nxf6 10. Nf3 Bd6 11. O-O O-O 12. Bf4 Bxf4 13. Nxf4 Ng4 14. g3 g5 {C06: French Tarrasch: 3...Nf6 4 e5 Nfd7 5 Bd3 main lines} 15. Ng2 Qf6 16. Be2 Qh6 17. h4 gxh4 18. Ngxh4 {LiveBook: 4 Games} Bd7 (18... a6 19. Nd2 Nf6 20. Nb3 e5 21. dxe5 Nxe5 22. Re1 {½-½ (94) Socko,B (2617)-Tikkanen,H (2551) Sweden 2015}) 19. Nh2 $146 (19. Qc1 $11) ({Predecessor:} 19. Qb3 Qg7 20. Rac1 Be8 21. Qc3 Bh5 22. b4 {1-0 (44) Della Morte,G (2353)-Rodriguez,J (2403) Caba 2018}) 19... Nxh2 $15 ({Inferior is} 19... Nxf2 20. Rxf2 Rxf2 21. Kxf2 $16) 20. Kxh2 Rf4 21. Kg2 (21. gxf4 $11 {was the only way to keep the balance.} Qxh4+ 22. Kg2) 21... Rxd4 $17 22. Qc1 {[#]} Qxc1 $1 23. Raxc1 Rd2 24. Bd1 Rxb2 25. Nf3 (25. Rc2 $142 Rxc2 26. Bxc2) 25... Rf8 26. Rc2 Rxc2 27. Bxc2 {[#]} Rxf3 $1 28. Kxf3 $19 {[%mdl 4096] Endgame KRB-KBN} Nd4+ 29. Kf4 Nxc2 30. Rc1 Ba4 31. Ke5 d4 {[%cal Bd5d4,Bd4d3][%mdl 32]} 32. Rd1 (32. Ke4 $142 Kf7 33. f4) 32... Nb4 33. Rd2 d3 34. Kxe6 Bc2 35. f4 Nxa2 36. f5 Nb4 37. f6 Bb3+ 38. Ke7 a5 {[%cal Ba7a5,Ba5a4][%mdl 32]} 39. Rf2 Nc6+ 40. Ke8 Bf7+ 41. Kd7 a4 42. Rf4 d2 43. Rf1 Bb3 44. Ke8 Ne5 {Precision: White = 24%, Black = 86%.} 0-1

[Event "83rd ESP-ch Women-ch 2018"]
[Site "Linares"]
[Date "2018.08.25"]
[Round "6"]
[White "Rodriguez Perez, Angel Mariano"]
[Black "Cesar Maestre, Bernardo"]
[Result "1-0"]
[WhiteElo "2223"]
[BlackElo "1861"]
[Annotator "TA"]
[PlyCount "75"]
[EventDate "2018.08.20"]
[EventType "swiss"]
[EventCountry "ESP"]
[SourceTitle "playchess.com"]
[Source "ChessBase"]
[SourceQuality "1"]

{[%evp 22,75,5,0,8,0,40,16,75,54,150,70,96,54,56,43,42,33,71,-23,-45,-33,-22,-39,-52,-117,-102,-106,-38,-37,29,27,47,-14,0,0,0,-7,0,0,36,15,354,328,610,595,636,466,478,462,601,526,1242,1485,2177,2202]} 1. e4 c5 2. Nf3 d6 3. d4 cxd4 4. Nxd4 Nf6 5. Nc3 a6 6. Bg5 e6 7. f4 Be7 8. Qf3 Nbd7 9. O-O-O Qc7 10. g4 {[%cal Bg2g4,Bg4g5][%mdl 32]} b5 11. a3 Rb8 {B99: Sicilian Najdorf: 6 Bg5 e6 7 f4 Be7 8 Qf3 Qc7 9 0-0-0 Nbd7} 12. Bxf6 {LiveBook: 11 Games} Bxf6 13. g5 Bxd4 {The position is equal.} 14. Rxd4 Nc5 $146 (14... h6 $11) ({Predecessor:} 14... Qc5 15. Qd3 b4 16. axb4 Rxb4 17. Rxb4 Qxb4 18. Be2 Nc5 19. Qe3 O-O {½-½ (44) Burg,T (2506)-Guramishvili,S (2396) Rosmalen 2014}) 15. f5 Nd7 {[#]} (15... Qb6 $14) 16. Qd1 ({Don't play} 16. fxe6 $6 fxe6 17. Qh5+ g6 $11) (16. Be2 $1 $16) 16... Rb6 $14 17. h4 ({But not} 17. fxe6 $6 fxe6 18. Qd2 Ne5 $11) 17... Ne5 18. f6 gxf6 19. gxf6 Bd7 20. Rh2 (20. Rg1 $16) 20... Rg8 $11 21. Rg2 Rxg2 22. Bxg2 Kd8 23. Qd2 ({White should play} 23. Nb1 $15) 23... Qc5 24. Ne2 Nc4 (24... Kc8 $17) 25. Qg5 $1 $15 Qxg5+ (25... Kc7 $15) 26. hxg5 $11 Kc7 27. e5 (27. Rd3 $14) 27... Nxe5 {White must now prevent ...Rb8.} 28. Rh4 Rb8 {Hoping for ...Rg8.} 29. Rxh7 Rg8 30. Rg7 Rh8 31. Nf4 ({Weaker is} 31. g6 Nxg6 32. Rxf7 Rh2 $17) 31... Rh4 $2 {[%mdl 8192]} (31... d5 $11) 32. Nd3 $18 Nxd3+ $2 (32... Rg4) 33. cxd3 {KRB-KRB. White is clearly winning.} Rg4 34. Bf3 Rg1+ 35. Kd2 Kd8 36. Rg8+ Kc7 {[#]} 37. g6 $1 {[%cal Bg5g6,Bg6f7][%mdl 544]} Be8 (37... fxg6 38. f7) 38. gxf7 {Precision: White = 40%, Black = 21%.} 1-0

[Event "83rd ESP-ch Women-ch 2018"]
[Site "Linares"]
[Date "2018.08.25"]
[Round "6"]
[White "Sanchez Vigon, David"]
[Black "Bernabeu Lopez, Carlos Javier"]
[Result "0-1"]
[WhiteElo "2220"]
[BlackElo "2360"]
[Annotator "TA"]
[PlyCount "114"]
[EventDate "2018.08.20"]
[EventType "swiss"]
[EventCountry "ESP"]
[SourceTitle "playchess.com"]
[Source "ChessBase"]
[SourceQuality "1"]

{[%evp 19,114,14,17,24,13,18,16,0,0,0,0,0,44,7,7,0,0,0,20,21,20,13,24,-12,-11,-11,-9,-8,0,0,0,0,-16,-33,-20,-36,-33,-79,-72,-85,-87,-97,-78,-102,-102,-98,-98,-117,-107,-104,-144,-129,-100,-158,-161,-158,-157,-147,-147,-254,-261,-242,-222,-252,-241,-222,-206,-175,-103,-97,-135,-135,-66,-66,-66,-66,-66,-66,-66,-66,-66,-66,-66,-66,-66,-86,-86,-539,-453,-478,-8,-8,-8,-29975,-29976,-29974,-29972]} 1. d4 Nf6 2. Nf3 g6 3. Bg5 Bg7 4. Nbd2 d5 5. e3 O-O 6. c3 c6 7. Be2 Nbd7 8. O-O {D03: Damenbauernspiele} h6 9. Bh4 g5 10. Bg3 Nh5 {LiveBook: 3 Partien} 11. c4 (11. e4 Nxg3 12. hxg3 c5 13. Re1 cxd4 14. Nxd4 Nb6 15. exd5 Nxd5 {1-0 (45) Lin,C (2506)-Bednarek,S (2359) Kavala 2018}) 11... Nxg3 12. hxg3 e6 $146 ({Vorgänger:} 12... dxc4 13. Nxc4 c5 14. Rc1 cxd4 15. Nxd4 Nb6 {1-0 (44) Leskur,D (2384)-Bokan,D (2223) Novi Sad 2015}) 13. cxd5 exd5 14. Bd3 {[%cal Be2d3,Bd3h7,Bh7f5][%mdl 32]} Qe7 15. Qc2 c5 16. dxc5 Nxc5 17. Bh7+ Kh8 18. Nd4 b6 19. Bf5 Ne6 20. N2f3 Nxd4 21. Nxd4 Bxd4 22. exd4 Qf6 23. Bxc8 Rfxc8 24. Qd3 Rc4 25. Rad1 Rac8 26. Rd2 Kg7 {[%cal Bh8g7,Bg7g6,Bg6f5][%mdl 32]} 27. Rfd1 Qg6 28. Qxg6+ Kxg6 $15 {[%mdl 4096] Endspiel KTT-KTT} 29. Kf1 Kf5 30. f3 h5 31. Ke2 Rc1 32. Rxc1 Rxc1 $17 {KT-KT} 33. Ke3 f6 34. Re2 b5 35. a3 a5 36. Rd2 (36. Kd2 $142 Rg1 37. Ke3) 36... a4 37. Re2 {[#]} b4 $1 {[%mdl 512]} 38. axb4 Rc4 $1 39. Rd2 (39. b5 $17) 39... Rxb4 $19 40. Kf2 Rb3 41. Kg1 h4 42. Kh2 {[#]} hxg3+ $1 43. Kxg3 g4 ({Lieber} 43... Rb4 $19 44. Kf2 Kf4) 44. Rc2 $17 gxf3 45. gxf3 {[#]} Rd3 (45... Rb5 $1 $17 46. Rd2 Rb4) 46. Rc5 $15 Rxd4 47. Rb5 $1 Ke5 48. b3 $1 axb3 49. Rxb3 Ra4 50. Re3+ Kf5 51. Re8 Ra6 52. Rd8 Ke5 53. f4+ $2 {[%mdl 8192]} (53. Re8+ $17 Re6 54. Ra8) 53... Ke4 $19 54. Kg4 d4 $2 (54... f5+ $19 55. Kg5 Re6) 55. Re8+ $11 Kd5 {Droht stark ...Te6.} 56. Kf5 $2 {[%mdl 8192]} (56. f5 $11) 56... d3 57. Re1 Kd4 {Precision: Weiß = 46%, Schwarz = 68%.} 0-1

[Event "83rd ESP-ch Women-ch 2018"]
[Site "Linares"]
[Date "2018.08.25"]
[Round "6"]
[White "Kolotilina, Liudmila"]
[Black "Sanchez Aller, Fernando"]
[Result "1-0"]
[WhiteElo "2216"]
[BlackElo "2345"]
[Annotator "TA"]
[PlyCount "135"]
[EventDate "2018.08.20"]
[EventType "swiss"]
[EventCountry "ESP"]
[SourceTitle "playchess.com"]
[Source "ChessBase"]
[SourceQuality "1"]

{[%evp 20,135,10,0,12,-5,-6,-3,0,-21,0,0,22,10,15,16,25,0,15,19,25,11,48,25,41,18,20,12,7,7,25,25,25,25,25,25,25,25,25,25,71,50,76,25,25,25,41,25,25,25,25,10,20,7,14,0,0,0,0,-12,-9,-6,0,0,0,0,0,0,0,0,0,0,25,14,108,8,104,104,83,0,0,0,0,0,0,0,0,0,0,0,0,0,0,0,0,0,0,0,0,0,12835,6722,6083,0,5037,5037,6121,5077,29975,29976,29977,29979,29979,29980,29980,29981,29982,29983]} 1. e4 e5 2. Nf3 Nc6 3. d4 exd4 4. Nxd4 Bc5 5. Nxc6 bxc6 6. Bd3 Qh4 {C45: Scotch Game} (6... d6 7. Nc3 Qh4 8. Qe2 Nf6 9. Na4 Nd7 10. O-O O-O 11. Kh1 Bd4 12. c3 Bb6 13. f4 Re8 14. Bd2 Nf6 15. Qe1 Qxe1 16. Raxe1 {½-½ (51) Fedoseev,V (2707)-Sargissian,G (2680) Abu Dhabi 2018}) 7. Qe2 Nf6 8. Be3 Bxe3 9. Qxe3 O-O 10. O-O Re8 11. Nd2 {LiveBook: 3 Games} (11. f3 {looks sharper.} d6 12. Nc3 Qh5 13. b3 Qa5 14. Qd2) 11... d6 12. Qg3 Qxg3 13. hxg3 Rb8 14. b3 Nd7 $146 15. Rfe1 c5 16. a4 Ne5 17. Bb5 Re7 18. Rad1 a6 19. Be2 Nc6 20. Bc4 Bb7 21. f3 a5 22. Bd5 Nb4 23. Bxb7 Rxb7 24. Rc1 Kf8 25. Nc4 Ra7 26. Kf2 Rd7 27. Re2 Nc6 28. Rh1 Nd4 29. Rd2 Kg8 30. Rh5 Rd8 31. Ne3 (31. Rd5 $16) 31... Rb7 $11 32. Rd1 h6 33. g4 f6 34. Rd2 Nc6 35. Nc4 Ra8 36. Rd1 Ne5 37. Nxe5 fxe5 {[%mdl 4096] Endgame KRR-KRR} 38. g5 hxg5 39. Rdh1 Kf7 40. Rxg5 Rb4 41. Rh7 Rg8 42. Rf5+ Ke6 43. Rg5 c4 44. Rgxg7 Rxg7 45. Rxg7 {KR-KR} c5 46. Ra7 c3 (46... cxb3 $11 {keeps the balance.} 47. cxb3 Rxb3) 47. g4 (47. Rxa5 $16 {Threatening Ke3.} Rd4 48. Ke3) 47... Rd4 (47... Rxb3 $1 $11 48. Ke2 (48. cxb3 $2 {too greedy.} c2 $19) 48... Rb1) 48. Rxa5 $16 Rd2+ {[#]} 49. Ke3 (49. Ke1 $1 $16) 49... Rxc2 $11 50. Kd3 Rf2 {Threatens to win with ...c2.} 51. Kxc3 Rxf3+ 52. Kc2 Re3 53. Ra8 {Strongly threatening a5.} Rxe4 54. Rg8 Kf7 55. Rd8 Ke7 56. Rg8 Re2+ 57. Kb1 e4 {Hoping for ...e3.} 58. a5 Rh2 {...e3 is the strong threat.} 59. a6 Rh1+ $2 {[%mdl 8192]} (59... e3 $11 60. a7 e2 61. Re8+ Kxe8 62. a8=Q+ Kf7 63. Qd5+ Kg7 64. Qg5+ Kf7 65. Qd5+ Kg7 66. Qb7+ Kg8 67. Qc8+ Kg7 68. Qd7+ Kh8 69. Qc8+ Kg7 70. Qd7+ Kh8 71. Qe8+ Kg7 72. Qe7+ Kg8 73. Qg5+ Kf7 74. Qf5+ Kg8 75. Qg6+ Kh8 76. Qe8+ Kg7 77. Qe7+ Kh8) 60. Kb2 $18 Rh2+ 61. Kb1 Rh1+ 62. Ka2 Rh2+ 63. Ka3 Rh1 {[#]} 64. a7 $1 {White mates.} e3 65. a8=Q Ra1+ 66. Kb2 Rxa8 67. Rxa8 d5 68. Kc2 {Precision: White = 53%, Black = 53%.} 1-0

[Event "83rd ESP-ch Women-ch 2018"]
[Site "Linares"]
[Date "2018.08.25"]
[Round "6"]
[White "Garcia Vicente, Nieves"]
[Black "Alshameary Puente, Ismael"]
[Result "0-1"]
[WhiteElo "2181"]
[BlackElo "2343"]
[Annotator "TA"]
[PlyCount "136"]
[EventDate "2018.08.20"]
[EventType "swiss"]
[EventCountry "ESP"]
[SourceTitle "playchess.com"]
[Source "ChessBase"]
[SourceQuality "1"]

{[%evp 24,136,0,-22,0,0,0,0,0,-15,-11,-41,-29,-26,-10,-12,-19,-62,-56,-73,-69,-72,-84,-94,-82,-93,-71,-99,-94,-98,-79,-92,-35,-78,-46,-124,-131,-131,-131,-131,-135,-139,-51,-106,-109,-141,-140,-143,-137,-172,-158,-168,-167,-191,-187,-185,-190,-189,-165,-263,-260,-271,-249,-268,-268,-219,-179,-231,-200,-262,-186,-220,-236,-321,-323,-314,-304,-259,-210,-431,-407,-438,-402,-429,-407,-538,-540,-845,-842,-841,-802,-614,-233,-264,-277,-413,-267,-426,-174,-241,0,0,-15,-136,-245,-581,-66,-143,0,-3222,-72,-29990,-12837,-12829,-5281]} 1. d4 Nf6 2. c4 e6 3. Nc3 Bb4 4. e3 O-O 5. Bd3 d5 6. a3 Bxc3+ 7. bxc3 c5 8. Nf3 dxc4 9. Bxc4 Qc7 10. Ba2 b6 11. O-O Bb7 12. h3 {E54: Nimzo-Indian: Rubinstein: Main Line: 7...dxc4 8 Bxc4} Nbd7 13. Bb2 {LiveBook: 5 Games} Rfd8 14. Qe2 {The position is equal.} Rac8 15. Rac1 {[#]} Ne4 $146 {[%cal Bf6e4,Be4g3,Bg3f5,Bf5e7,Be7d5][%mdl 32]} ({Predecessor:} 15... h6 16. Rfd1 Bc6 17. Nd2 Qb7 18. f3 b5 19. e4 Qb8 {1-0 (40) Milov,V (2602)-Polgar,J (2686) Moscow 2001}) 16. Rfd1 c4 17. Ne1 e5 {[%cal Be6e5,Be5e4][%mdl 32]} 18. a4 a6 19. Bb1 Re8 20. f3 Ng3 21. Qf2 e4 $1 $36 {[%mdl 2048] Black fights for an advantage.} 22. f4 Nf5 23. g4 Ne7 $1 24. Ng2 Bc6 25. Re1 Nd5 26. Bc2 Ra8 27. Ra1 g6 (27... b5 $17) 28. Qd2 N7f6 29. Ba3 (29. Qf2 $15) 29... Qd7 $1 $17 30. Bb2 h5 31. g5 Nh7 32. Kh2 Nf8 (32... Qc7 $17 {aiming for ...Nxg5.} 33. Kg1 Bd7) 33. Qe2 (33. Nh4 $15) 33... b5 $1 34. axb5 axb5 35. Rxa8 Bxa8 36. Ra1 Bc6 37. Qe1 Ne6 38. Ra6 Bb7 {[%cal Bc6b7,Bb7c8,Bc8f5][%mdl 32]} 39. Ra7 Nd8 $1 40. Ra1 Nc6 41. Bd1 (41. Nh4 $142) 41... Bc8 $19 42. Qg3 Nce7 43. Nh4 Qb7 44. Qe1 Bf5 45. Ng2 (45. Ba3 $142) 45... Rb8 46. Be2 Nc6 {[%cal Be7c6,Bc6a5,Ba5b3][%mdl 32]} 47. Bf1 Ra8 48. Ra3 Rxa3 49. Bxa3 Qa6 50. Qc1 Na5 51. Qb2 $2 (51. Bb2) 51... Nb3 52. Bc5 Qc8 53. h4 Qa6 ({Worse is} 53... Nxc5 54. Qxb5 Nxc3 55. Qxc5 $11) 54. Be2 Qa5 55. Bb4 Nxb4 56. cxb4 Qxb4 57. Bd1 Bg4 $2 (57... Qd2 58. Qxd2 Nxd2) 58. Bxg4 hxg4 59. Qc2 (59. Qb1 {was worth a try.}) 59... Qe7 60. Kg3 {[#]} (60. Qa2 $142) 60... Qe6 (60... Nxd4 $142 $1 {[%mdl 512]} 61. exd4 Qa3+ 62. Kh2 Qd3) 61. Qc3 (61. f5 {is the only way for White.} gxf5 62. Qc3) 61... Qb6 $2 (61... Qa6 $19 {Hoping for ...Qa5.} 62. Qe1 Qa3) 62. Qb4 $1 $11 Qc6 {...c3 is the strong threat.} 63. Ne1 (63. Qe7 $1 $11 {was the only way to keep the balance.}) 63... Nc1 $17 {Strongly threatening ...Nd3.} 64. Nc2 $2 (64. Qa5 {is tougher.} Qb7 65. Nc2 (65. Qd8+ $2 Kh7 $19)) 64... Nd3 $2 (64... Ne2+ $19 65. Kf2 Nxf4 $1 {[%mdl 512]} 66. exf4 e3+ $1 {[%mdl 512]} 67. Kg1 Qf3) 65. Qe7 $15 {[#]} Qa8 ({Better is} 65... Qd5 $1 $17 66. Qc7 Kh7) 66. Na3 $2 {[%mdl 8192]} (66. h5 $11 gxh5 {[#]} 67. g6 $1 {[%mdl 512]}) 66... c3 $2 (66... Qa5 $19 {is more deadly. ( -> ...Qe1+)} 67. Qxe4 Qe1+ 68. Kg2 Qe2+ 69. Kg3 Qf2+ 70. Kxg4 Qg1+ 71. Kf3 Qh1+ 72. Kg3 Qxe4) 67. Nxb5 $2 {[%mdl 8192]} (67. h5 $17) 67... c2 (67... Qa1 $142 68. Qe8+ Kg7 69. Qxe4 c2 70. h5 Qg1+ 71. Qg2 c1=Q 72. h6+ Kh7 73. Qxg1 Qxg1+ 74. Kh4 Nf2 75. Nd6 Qh2#) 68. Nd6 $19 Qf8 {Precision: White = 27%, Black = 46%.} ({Stronger than} 68... c1=Q 69. Qxf7+ Kh8 70. Qf6+ Kh7 71. Qe7+ Kh8 72. Qf6+ Kh7 73. Qe7+ Kh8 74. Qf6+ $11) 0-1

[Event "83rd ESP-ch Women-ch 2018"]
[Site "Linares"]
[Date "2018.08.25"]
[Round "6"]
[White "Garcia Garcia, Adrian Antonio"]
[Black "Alvarez Morales, Miguel"]
[Result "1/2-1/2"]
[WhiteElo "2179"]
[BlackElo "1955"]
[Annotator "TA"]
[PlyCount "79"]
[EventDate "2018.08.20"]
[EventType "swiss"]
[EventCountry "ESP"]
[SourceTitle "playchess.com"]
[Source "ChessBase"]
[SourceQuality "1"]

{[%evp 18,79,39,38,54,54,109,116,124,130,128,131,138,139,169,132,147,123,116,133,161,146,154,53,59,-23,-40,-34,-22,-27,-16,-32,-4,-116,-113,-103,-8,-12,0,-18,-22,-15,-15,-79,-102,-110,-94,-95,-91,-243,-36,-162,-119,-125,113,105,97,97,97,83,79,99,112,-29937]} 1. e4 Nf6 2. e5 Nd5 3. Nf3 d6 4. exd6 exd6 5. d4 Nc6 6. c4 Nb6 7. h3 Be7 8. Bd3 O-O 9. O-O {B03: Alekhine's Defence: Four Pawns Attack} Bf6 10. Nc3 {LiveBook: 15 Games} Nb4 11. Bb1 {White is slightly better.} c5 (11... Re8 $14) 12. d5 $16 g6 $146 ({Predecessor:} 12... Bxc3 13. bxc3 Na6 14. Bg5 f6 15. Bf4 Nc7 16. a4 {½-½ (29) Hou,Y (2658)-Nakamura,H (2777) chess.com INT 2018}) 13. a3 Na6 14. Bd3 Bg7 15. Bf4 Re8 16. Qd2 Nc7 17. Rae1 Rxe1 18. Rxe1 Ne8 19. Nb5 a6 20. Qe2 ({White should try} 20. Rxe8+ $16 Qxe8 21. Nxd6) 20... Bf5 $14 21. Qxe8+ ({Better is} 21. Nc3 $1 $14) 21... Qxe8 $11 22. Rxe8+ Rxe8 23. Nxd6 Bxd3 24. Nxe8 Bxc4 25. d6 (25. Nxg7 $11 Kxg7 26. Bd6) 25... Bxb2 $17 26. Be5 {Strongly threatening Nf6+.} Bxe5 ({Much weaker is} 26... Bxa3 $6 27. Nf6+ Kf8 28. Bf4 $11) (26... Bc1 $17 {And now ...Kf8 would win.} 27. Nf6+ Kf8 28. Nxh7+ Ke8 29. Nf6+ Kd8) 27. Nxe5 {[%mdl 4096] Endgame KBN-KNN} Bb5 {[#]} 28. d7 $1 {[%mdl 512]} Nxd7 (28... Bxd7 29. Nf6+) 29. Nxd7 f5 30. g4 (30. Nxc5 $11 {keeps the balance.} Bxe8 31. Nxb7) 30... fxg4 31. hxg4 c4 32. Kf1 h5 {aiming for ...h4.} ({Reject} 32... Bxd7 $6 33. Nf6+ Kf7 34. Nxd7 $14) 33. g5 $2 (33. Ndf6+ $17 Kf7 34. gxh5 gxh5 35. Nxh5 Bxe8 36. Ke2) 33... Kf7 $2 ({Not} 33... Bxd7 34. Nf6+ Kf7 35. Nxd7 $17) ({Black should play} 33... c3+ $19 34. Ke1 Bxd7 35. Nf6+ Kf7 36. Nxd7 Ke6 37. Nc5+ Kf5) 34. Nd6+ $15 Ke6 35. Nxb5 Kxd7 $2 {[#]} (35... axb5 $17 {keeps the pressure on.} 36. Nc5+ Ke5) 36. Nd4 $1 $16 {White is better.} Kd6 {[#]} 37. f4 $1 b5 38. Ke2 h4 39. Kf3 h3 40. Ke4 $2 {[%mdl 40960] Precision: White = 43%, Black = 48%. . An unexpected result.} (40. Nc2 $16) 1/2-1/2